| 000 | 01639 am a2200505 a 4500 | ||
|---|---|---|---|
| 005 | 20120418125121.0 | ||
| 008 | 100511s1979||||xxua f |||| 00| 0 spa d | ||
| 020 | _a3794599950 | ||
| 041 | _aspa | ||
| 092 |
_c616.5 _l5 _sATL |
||
| 100 | 1 |
_aSalfelder, K. _q(Karlhanns) _9182 |
|
| 245 |
_aAtlas en color : Micosis profundas en el hombre / _cK. Salfelder. |
||
| 250 | _a1a ed. | ||
| 260 |
_aSututtgart : _bBibliomed / Bayer Farma, _c1979. |
||
| 300 |
_a140 p. _b253 imagenes, de las cuales 199 son multicolor y 2 cuadros |
||
| 590 | _aDonación Dr. Mancuso 2007 | ||
| 653 | _aMétodos de diagnóstico de micosis | ||
| 653 | _aMicosis profundas: hongos en el tejido y en cultivo | ||
| 653 | _aCriptococosis | ||
| 653 | _aBlastomicosis | ||
| 653 | _aParacoccidioidomicosis | ||
| 653 | _aLobomicosis | ||
| 653 | _aHistoplasmosis | ||
| 653 | _aHistoplasmosis africana | ||
| 653 | _aLinfangitis epizoótica | ||
| 653 | _aCoccidioidomicosis | ||
| 653 | _aCandidiasis | ||
| 653 | _aAspergilosis | ||
| 653 | _aBasidiomicosis | ||
| 653 | _aBagazosis | ||
| 653 | _aFicomicosis | ||
| 653 | _aCromomicosis (infección por dematiacetos) | ||
| 653 | _aEsperotricosis | ||
| 653 | _aRinoesporidiosis | ||
| 653 | _aTorulopsiosis | ||
| 653 | _aAdiaspiromicosis | ||
| 653 | _aMicetomas | ||
| 653 | _aAlgosis | ||
| 653 | _aDiagnóstico diferencial de los hongos | ||
| 700 | 1 |
_aSchwarz, J, _cCol. _q(Jan) _9183 |
|
| 700 | 1 |
_aSauerteig, E, _cCol. _q(Eberhard) _9184 |
|
| 930 | _a1764 | ||
| 942 |
_2ddc _cBK |
||
| 952 |
_aBFM _bBFM _70 _p1764 _cCR _40 _00 _yBK _10 _o616.5 5 ATL _d2011-05-13 _tej.1 |
||
| 999 |
_c308 _d308 |
||